| 000 | 00535nam a22002057a 4500 | ||
|---|---|---|---|
| 003 | OSt | ||
| 005 | 20140310181949.0 | ||
| 008 | 130725t xxu||||| |||| 00| 0 eng d | ||
| 050 |
_aPR 5617 _b.T363 1995 |
||
| 082 |
_aCLA T32r _b1995 |
||
| 245 |
_aThe rose and the ring / _cby W.M. Thackeray. |
||
| 260 |
_aHertfordshire : _bWordsworth Classics, _cc1995. |
||
| 300 |
_a141 p. : _c18 cm. |
||
| 521 | _aFaculty. | ||
| 541 | _j1 | ||
| 541 | _j2 | ||
| 562 | _e2 | ||
| 650 |
_aClassics. _92808 |
||
| 942 |
_2lcc _cBK-KF _kKF |
||
| 999 |
_c7833 _d7833 |
||